Buteurs en finale de Ligue des Champions - Statistiques

Statistiques générales
  • Ce quiz a été pris 6 339 fois
    475 depuis la dernière actualisation
  • Le résultat moyen est 47 sur 87
Statistiques - réponses
Année Equipe du buteur Score lorsque le but est marqué Buteur % Correct
2008 Manchester United 1-0 Cristiano Ronaldo
98%
Real Madrid 4-1 Cristiano Ronaldo
98%
2017 Real Madrid 0-1 Cristiano Ronaldo
98%
Real Madrid 1-3 Cristiano Ronaldo
98%
Paris Saint-Germain 2-0 Désiré Doué
97%
Paris Saint-Germain 3-0 Désiré Doué
97%
FC Barcelone 2-0 Lionel Messi
96%
FC Barcelone 2-1 Lionel Messi
96%
2022 Real Madrid 0-1 Vinicius Junior
94%
Real Madrid 0-2 Vinicius Junior
94%
2018 Real Madrid 1-0 Karim Benzema
92%
Real Madrid 2-1 Gareth Bale
91%
Real Madrid 2-1 Gareth Bale
91%
Real Madrid 3-1 Gareth Bale
91%
2019 Liverpool FC 0-1 Mohamed Salah
91%
2025 Paris Saint-Germain 1-0 Achraf Hakimi
90%
2020 Bayern Munich 0-1 Kingsley Coman
90%
Liverpool FC 1-1 Sadio Mané
89%
2023 Manchester City 1-0 Rodri
88%
Paris Saint-Germain 5-0 Senny Mayulu
87%
FC Barcelone 1-3 Neymar
85%
Real Madrid 1-1 Sergio Ramos
84%
2016 Real Madrid 1-0 Sergio Ramos
84%
1993 Olympique de Marseille 1-0 Basile Boli
80%
FC Barcelone 1-2 Luiz Suárez
79%
Real Madrid 1-2 Zinédine Zidane
79%
Chelsea FC 1-1 Didier Drogba
77%
2013 Bayern Munich 0-1 Mario Mandžukić
75%
Juventus Turin 1-1 Mario Mandžukić
75%
Bayern Munich 1-2 Arjen Robben
74%
2021 Chelsea FC 0-1 Kai Havertz
74%
2024 Real Madrid 0-1 Dani Carvajal
72%
FC Barcelone 1-1 Samuel Eto'o
72%
2009 FC Barcelone 1-0 Samuel Eto'o
72%
Real Madrid 1-2 Casemiro
66%
Liverpool FC 3-1 Steven Gerrard
66%
Manchester United 1-1 Wayne Rooney
65%
Real Madrid 3-1 Marcelo
63%
Paris Saint-Germain 4-0 Khvicha Kvaratskhelia
62%
FC Barcelone 3-1 David Villa
61%
Liverpool FC 0-2 Divock Origi
60%
2015 FC Barcelone 0-1 Ivan Rakitić
60%
2012 Bayern Munich 1-0 Thomas Müller
58%
2007 AC Milan 1-0 Filippo Inzaghi
56%
AC Milan 2-0 Filippo Inzaghi
56%
2011 FC Barcelone 1-0 Pedro
56%
2010 Inter Milan 0-1 Diego Milito
55%
Inter Milan 0-2 Diego Milito
55%
Real Madrid 1-4 Marco Asensio
53%
2014 Atlético Madrid 0-1 Diego Godín
51%
2005 AC Milan 1-0 Paolo Maldini
51%
Real Madrid 3-0 Raúl
49%
2002 Real Madrid 0-1 Raúl
49%
Chelsea FC 1-1 Frank Lampard
48%
Juventus Turin 1-1 Álvaro Morata
46%
Liverpool FC 3-3 Xabi Alonso
44%
FC Porto 0-2 Deco
43%
Atlético Madrid 1-1 Yannick Carrasco
40%
AC Milan 2-0 Hernán Crespo
38%
AC Milan 3-0 Hernán Crespo
38%
Borussia Dortmund 1-1 İlkay Gündoğan
38%
Juventus Turin 2-1 Alessandro del Piero
32%
2006 Arsenal 0-1 Sol Campbell
29%
Manchester United 2-1 Ole Gunnar Solskjær
28%
2000 Real Madrid 1-0 Fernando Morientes
22%
FC Barcelone 2-1 Juliano Belletti
20%
Liverpool FC 3-2 Vladimír Šmicer
20%
Liverpool FC 2-1 Dirk Kuyt
18%
1995 Ajax Amsterdam 1-0 Patrick Kluivert
18%
AC Milan 4-0 Marcel Desailly
17%
Bayer Leverkusen 1-1 Lúcio
12%
Manchester United 1-1 Teddy Sheringham
11%
Real Madrid 2-0 Steve McManaman
10%
2001 Valencia CF 0-1 Gaizka Mendieta
8%
Ajax Amsterdam 1-1 Jari Litmanen
8%
1998 Real Madrid 0-1 Predrag Mijatović
8%
1994 AC Milan 1-0 Daniele Massaro
7%
AC Milan 2-0 Daniele Massaro
7%
Borussia Dortmund 3-1 Lars Ricken
7%
2004 FC Porto 0-1 Carlos Alberto Gomes
6%
1996 Juventus Turin 0-1 Fabrizio Ravanelli
6%
1997 Borussia Dortmund 1-0 Karl-Heinz Riedle
6%
Borussia Dortmund 2-0 Karl-Heinz Riedle
6%
Bayern Munich 1-1 Stefan Effenberg
6%
AC Milan 3-0 Dejan Savićević
5%
FC Porto 0-3 Dmitri Alenitchev
4%
1999 Bayern Munich 0-1 Mario Bassler
3%
Aucun quiz correspondant
Distribution des résultats
% des personnes avec chaque résultat
Percentile par nombre de réponses
Votre historique - résultats
Vous n’avez pas pris ce quiz depuis la dernière actualisation